Uplatnenie Lisabonskej stratégie v oblasti vzdelávania Slovenska

Vývoj vzdelanostnej úrovne obyvateľstva Slovenska. Obyvateľstvo nad 25 rokov podľa najvyššieho stupňa vzdelania. Vzdelanie obyvateľstva nad 15 rokov k 31.12.2006. Súčasný stav a vývinové trendy slovenského vysokoškolského vzdelania. Počty absolventov VŠ podľa krajov. Tretí stupeň vysokokolského vzde...

Ausführliche Beschreibung

Gespeichert in:
Bibliographische Detailangaben
1. Verfasser: Vlčková, Viera
Format: Buchkapitel
Sprache:Slowakisch
Schlagworte:
Tags: Tag hinzufügen
Keine Tags, Fügen Sie das erste Tag hinzu!

MARC

LEADER 00000nla$a2200000$$$4500
001 0084605
005 20240613064632.9
041 0 |a slo 
044 |a CZ 
245 1 0 |a Uplatnenie Lisabonskej stratégie v oblasti vzdelávania Slovenska  |c Viera Vlčková 
520 |a Vývoj vzdelanostnej úrovne obyvateľstva Slovenska. Obyvateľstvo nad 25 rokov podľa najvyššieho stupňa vzdelania. Vzdelanie obyvateľstva nad 15 rokov k 31.12.2006. Súčasný stav a vývinové trendy slovenského vysokoškolského vzdelania. Počty absolventov VŠ podľa krajov. Tretí stupeň vysokokolského vzdelania - doktorandské štúdium. Celoživotné vzdelávanie a situácia na Slovensku. 
610 2 0 |a vzdelanie 
610 2 0 |a vzdelávanie celoživotné 
610 2 0 |a vzdelávanie vysokoškolské 
610 2 0 |a obyvateľstvo 
610 2 0 |a školy vysoké 
610 2 0 |a štúdium doktorandské 
610 2 0 |a kraje 
610 2 0 |a štatistika 
610 2 0 |a Slovensko 
100 1 |a Vlčková, Viera